<?xml version="1.0" encoding="UTF-8"?>
<record
    xmlns:xsi="http://www.w3.org/2001/XMLSchema-instance"
    xsi:schemaLocation="http://www.loc.gov/MARC21/slim http://www.loc.gov/standards/marcxml/schema/MARC21slim.xsd"
    xmlns="http://www.loc.gov/MARC21/slim">

  <leader>01025cas a22003017a 4500</leader>
  <controlfield tag="005">20231010062646.0</controlfield>
  <controlfield tag="008">990730d1948    uk au pernn   0  0b1eng d</controlfield>
  <datafield tag="010" ind1=" " ind2=" ">
    <subfield code="a">78632</subfield>
  </datafield>
  <datafield tag="011" ind1=" " ind2=" ">
    <subfield code="a">79604</subfield>
  </datafield>
  <datafield tag="035" ind1=" " ind2=" ">
    <subfield code="a">89937</subfield>
  </datafield>
  <datafield tag="245" ind1="0" ind2="0">
    <subfield code="a">British Agricultural Bulletin</subfield>
    <subfield code="c">/by Agricultural Department the British Council</subfield>
  </datafield>
  <datafield tag="260" ind1="0" ind2=" ">
    <subfield code="a">London, England :</subfield>
    <subfield code="b">Agricutural Department the British Council,</subfield>
    <subfield code="c">1948-</subfield>
  </datafield>
  <datafield tag="300" ind1=" " ind2=" ">
    <subfield code="a">v. :</subfield>
    <subfield code="b">ilus.</subfield>
  </datafield>
  <datafield tag="310" ind1=" " ind2=" ">
    <subfield code="a">Trimestral</subfield>
  </datafield>
  <datafield tag="362" ind1="1" ind2=" ">
    <subfield code="a">v.7 n.36, 1955</subfield>
  </datafield>
  <datafield tag="590" ind1=" " ind2=" ">
    <subfield code="a">BATCH-UPD</subfield>
    <subfield code="b">10</subfield>
    <subfield code="c">20130110</subfield>
    <subfield code="l">UCH01</subfield>
    <subfield code="h">0213</subfield>
  </datafield>
  <datafield tag="590" ind1=" " ind2=" ">
    <subfield code="a">BATCH-UPD</subfield>
    <subfield code="b">10</subfield>
    <subfield code="c">20130409</subfield>
    <subfield code="l">UCH01</subfield>
    <subfield code="h">2230</subfield>
  </datafield>
  <datafield tag="590" ind1=" " ind2=" ">
    <subfield code="a">BATCH-UPD</subfield>
    <subfield code="b">10</subfield>
    <subfield code="c">20130913</subfield>
    <subfield code="l">UCH01</subfield>
    <subfield code="h">2115</subfield>
  </datafield>
  <datafield tag="590" ind1=" " ind2=" ">
    <subfield code="a">CONVERSION</subfield>
    <subfield code="b">10</subfield>
    <subfield code="c">20130109</subfield>
    <subfield code="l">UCH01</subfield>
    <subfield code="h">1344</subfield>
  </datafield>
  <datafield tag="650" ind1="0" ind2="7">
    <subfield code="a">Agricultura</subfield>
    <subfield code="x">Publicaciones peri&#xF3;dicas</subfield>
    <subfield code="2"></subfield>
    <subfield code="9">1772</subfield>
  </datafield>
  <datafield tag="866" ind1=" " ind2=" ">
    <subfield code="a">v.1 n.1-v.4 n.13 (1948-1951)</subfield>
  </datafield>
  <datafield tag="866" ind1=" " ind2=" ">
    <subfield code="a">v.4 n.17-18,22 (1952)</subfield>
  </datafield>
  <datafield tag="866" ind1=" " ind2=" ">
    <subfield code="a">v.5 n.23,26 (1953)</subfield>
  </datafield>
  <datafield tag="866" ind1=" " ind2=" ">
    <subfield code="a">v.6 n.28 (1953)</subfield>
  </datafield>
  <datafield tag="866" ind1=" " ind2=" ">
    <subfield code="a">v.7 n.31-32,34,36 (1954-1955)</subfield>
  </datafield>
  <datafield tag="901" ind1=" " ind2=" ">
    <subfield code="a">SE</subfield>
  </datafield>
  <datafield tag="905" ind1=" " ind2=" ">
    <subfield code="a">Lilia S&#xE1;nchez G.</subfield>
  </datafield>
  <datafield tag="999" ind1=" " ind2=" ">
    <subfield code="c">78632</subfield>
    <subfield code="d">78632</subfield>
  </datafield>
  <datafield tag="952" ind1=" " ind2=" ">
    <subfield code="0">0</subfield>
    <subfield code="1">0</subfield>
    <subfield code="2">local</subfield>
    <subfield code="4">0</subfield>
    <subfield code="5">1</subfield>
    <subfield code="7">0</subfield>
    <subfield code="8">PS</subfield>
    <subfield code="a">BC</subfield>
    <subfield code="b">BC</subfield>
    <subfield code="c">PB_PS</subfield>
    <subfield code="d">2025-01-29</subfield>
    <subfield code="h">Vol.7  Noviembre 1954</subfield>
    <subfield code="l">0</subfield>
    <subfield code="o">Revista</subfield>
    <subfield code="p">BC-H-00018070</subfield>
    <subfield code="r">2025-01-29 12:12:11</subfield>
    <subfield code="w">2025-01-29</subfield>
    <subfield code="y">ISSUE</subfield>
  </datafield>
  <datafield tag="952" ind1=" " ind2=" ">
    <subfield code="0">0</subfield>
    <subfield code="1">0</subfield>
    <subfield code="2">local</subfield>
    <subfield code="4">0</subfield>
    <subfield code="5">1</subfield>
    <subfield code="7">0</subfield>
    <subfield code="8">PS</subfield>
    <subfield code="a">BC</subfield>
    <subfield code="b">BC</subfield>
    <subfield code="c">PB_PS</subfield>
    <subfield code="d">2025-01-29</subfield>
    <subfield code="h">Vol.7  Julio 1954</subfield>
    <subfield code="l">0</subfield>
    <subfield code="o">Revista</subfield>
    <subfield code="p">BC-H-00018071</subfield>
    <subfield code="r">2025-01-29 12:12:11</subfield>
    <subfield code="w">2025-01-29</subfield>
    <subfield code="y">ISSUE</subfield>
  </datafield>
  <datafield tag="952" ind1=" " ind2=" ">
    <subfield code="0">0</subfield>
    <subfield code="1">0</subfield>
    <subfield code="2">local</subfield>
    <subfield code="4">0</subfield>
    <subfield code="5">1</subfield>
    <subfield code="7">0</subfield>
    <subfield code="8">PS</subfield>
    <subfield code="a">BC</subfield>
    <subfield code="b">BC</subfield>
    <subfield code="c">PB_PS</subfield>
    <subfield code="d">2025-01-29</subfield>
    <subfield code="h">Vol.7  Mayo 1954</subfield>
    <subfield code="l">0</subfield>
    <subfield code="o">Revista</subfield>
    <subfield code="p">BC-H-00018072</subfield>
    <subfield code="r">2025-01-29 12:12:11</subfield>
    <subfield code="w">2025-01-29</subfield>
    <subfield code="y">ISSUE</subfield>
  </datafield>
  <datafield tag="952" ind1=" " ind2=" ">
    <subfield code="0">0</subfield>
    <subfield code="1">0</subfield>
    <subfield code="2">local</subfield>
    <subfield code="4">0</subfield>
    <subfield code="5">1</subfield>
    <subfield code="7">0</subfield>
    <subfield code="8">PS</subfield>
    <subfield code="a">BC</subfield>
    <subfield code="b">BC</subfield>
    <subfield code="c">PB_PS</subfield>
    <subfield code="d">2025-01-29</subfield>
    <subfield code="h">Vol.1  Spring 1948</subfield>
    <subfield code="l">0</subfield>
    <subfield code="o">Revista</subfield>
    <subfield code="p">BC-H-00018073</subfield>
    <subfield code="r">2025-01-29 12:12:11</subfield>
    <subfield code="w">2025-01-29</subfield>
    <subfield code="y">ISSUE</subfield>
  </datafield>
  <datafield tag="952" ind1=" " ind2=" ">
    <subfield code="0">0</subfield>
    <subfield code="1">0</subfield>
    <subfield code="2">local</subfield>
    <subfield code="4">0</subfield>
    <subfield code="5">1</subfield>
    <subfield code="7">0</subfield>
    <subfield code="8">PS</subfield>
    <subfield code="a">BC</subfield>
    <subfield code="b">BC</subfield>
    <subfield code="c">PB_PS</subfield>
    <subfield code="d">2025-01-29</subfield>
    <subfield code="h">Vol.1  No. 2 Summer 1948</subfield>
    <subfield code="l">0</subfield>
    <subfield code="o">Revista</subfield>
    <subfield code="p">BC-H-00018074</subfield>
    <subfield code="r">2025-01-29 12:12:11</subfield>
    <subfield code="w">2025-01-29</subfield>
    <subfield code="y">ISSUE</subfield>
  </datafield>
  <datafield tag="952" ind1=" " ind2=" ">
    <subfield code="0">0</subfield>
    <subfield code="1">0</subfield>
    <subfield code="2">local</subfield>
    <subfield code="4">0</subfield>
    <subfield code="5">1</subfield>
    <subfield code="7">0</subfield>
    <subfield code="8">PS</subfield>
    <subfield code="a">BC</subfield>
    <subfield code="b">BC</subfield>
    <subfield code="c">PB_PS</subfield>
    <subfield code="d">2025-01-29</subfield>
    <subfield code="h">Vol.1  No. 3 Autumn 1948</subfield>
    <subfield code="l">0</subfield>
    <subfield code="o">Revista</subfield>
    <subfield code="p">BC-H-00018075</subfield>
    <subfield code="r">2025-01-29 12:12:11</subfield>
    <subfield code="w">2025-01-29</subfield>
    <subfield code="y">ISSUE</subfield>
  </datafield>
  <datafield tag="952" ind1=" " ind2=" ">
    <subfield code="0">0</subfield>
    <subfield code="1">0</subfield>
    <subfield code="2">local</subfield>
    <subfield code="4">0</subfield>
    <subfield code="5">1</subfield>
    <subfield code="7">0</subfield>
    <subfield code="8">PS</subfield>
    <subfield code="a">BC</subfield>
    <subfield code="b">BC</subfield>
    <subfield code="c">PB_PS</subfield>
    <subfield code="d">2025-01-29</subfield>
    <subfield code="h">Vol.1  No. 4 Winter 1948-9</subfield>
    <subfield code="l">0</subfield>
    <subfield code="o">Revista</subfield>
    <subfield code="p">BC-H-00018076</subfield>
    <subfield code="r">2025-01-29 12:12:11</subfield>
    <subfield code="w">2025-01-29</subfield>
    <subfield code="y">ISSUE</subfield>
  </datafield>
  <datafield tag="952" ind1=" " ind2=" ">
    <subfield code="0">0</subfield>
    <subfield code="1">0</subfield>
    <subfield code="2">local</subfield>
    <subfield code="4">0</subfield>
    <subfield code="5">1</subfield>
    <subfield code="7">0</subfield>
    <subfield code="8">PS</subfield>
    <subfield code="a">BC</subfield>
    <subfield code="b">BC</subfield>
    <subfield code="c">PB_PS</subfield>
    <subfield code="d">2025-01-29</subfield>
    <subfield code="h">Vol.2  No. 5 Spring 1949</subfield>
    <subfield code="l">0</subfield>
    <subfield code="o">Revista</subfield>
    <subfield code="p">BC-H-00018077</subfield>
    <subfield code="r">2025-01-29 12:12:11</subfield>
    <subfield code="w">2025-01-29</subfield>
    <subfield code="y">ISSUE</subfield>
  </datafield>
  <datafield tag="952" ind1=" " ind2=" ">
    <subfield code="0">0</subfield>
    <subfield code="1">0</subfield>
    <subfield code="2">local</subfield>
    <subfield code="4">0</subfield>
    <subfield code="5">1</subfield>
    <subfield code="7">0</subfield>
    <subfield code="8">PS</subfield>
    <subfield code="a">BC</subfield>
    <subfield code="b">BC</subfield>
    <subfield code="c">PB_PS</subfield>
    <subfield code="d">2025-01-29</subfield>
    <subfield code="h">Vol.2  No. 6 Spring 1949</subfield>
    <subfield code="l">0</subfield>
    <subfield code="o">Revista</subfield>
    <subfield code="p">BC-H.00018078</subfield>
    <subfield code="r">2025-01-29 12:12:11</subfield>
    <subfield code="w">2025-01-29</subfield>
    <subfield code="y">ISSUE</subfield>
  </datafield>
  <datafield tag="952" ind1=" " ind2=" ">
    <subfield code="0">0</subfield>
    <subfield code="1">0</subfield>
    <subfield code="2">local</subfield>
    <subfield code="4">0</subfield>
    <subfield code="5">1</subfield>
    <subfield code="7">0</subfield>
    <subfield code="8">PS</subfield>
    <subfield code="a">BC</subfield>
    <subfield code="b">BC</subfield>
    <subfield code="c">PB_PS</subfield>
    <subfield code="d">2025-01-29</subfield>
    <subfield code="h">Vol.2  No. 7 Autumn 1949</subfield>
    <subfield code="l">0</subfield>
    <subfield code="o">Revista</subfield>
    <subfield code="p">BC-H-00018079</subfield>
    <subfield code="r">2025-01-29 12:12:11</subfield>
    <subfield code="w">2025-01-29</subfield>
    <subfield code="y">ISSUE</subfield>
  </datafield>
  <datafield tag="952" ind1=" " ind2=" ">
    <subfield code="0">0</subfield>
    <subfield code="1">0</subfield>
    <subfield code="2">local</subfield>
    <subfield code="4">0</subfield>
    <subfield code="5">1</subfield>
    <subfield code="7">0</subfield>
    <subfield code="8">PS</subfield>
    <subfield code="a">BC</subfield>
    <subfield code="b">BC</subfield>
    <subfield code="c">PB_PS</subfield>
    <subfield code="d">2025-01-29</subfield>
    <subfield code="h">Vol.2  No. 8 Winter 1949-50</subfield>
    <subfield code="l">0</subfield>
    <subfield code="o">Revista</subfield>
    <subfield code="p">BC-H-000180808</subfield>
    <subfield code="r">2025-01-29 12:12:11</subfield>
    <subfield code="w">2025-01-29</subfield>
    <subfield code="y">ISSUE</subfield>
  </datafield>
  <datafield tag="952" ind1=" " ind2=" ">
    <subfield code="0">0</subfield>
    <subfield code="1">0</subfield>
    <subfield code="2">local</subfield>
    <subfield code="4">0</subfield>
    <subfield code="5">1</subfield>
    <subfield code="7">0</subfield>
    <subfield code="8">PS</subfield>
    <subfield code="a">BC</subfield>
    <subfield code="b">BC</subfield>
    <subfield code="c">PB_PS</subfield>
    <subfield code="d">2025-01-29</subfield>
    <subfield code="h">Vol.3  No. 9 Spring 1950</subfield>
    <subfield code="l">0</subfield>
    <subfield code="o">Revista</subfield>
    <subfield code="p">BC-H-00018081</subfield>
    <subfield code="r">2025-01-29 12:12:11</subfield>
    <subfield code="w">2025-01-29</subfield>
    <subfield code="y">ISSUE</subfield>
  </datafield>
  <datafield tag="952" ind1=" " ind2=" ">
    <subfield code="0">0</subfield>
    <subfield code="1">0</subfield>
    <subfield code="2">local</subfield>
    <subfield code="4">0</subfield>
    <subfield code="5">1</subfield>
    <subfield code="7">0</subfield>
    <subfield code="8">PS</subfield>
    <subfield code="a">BC</subfield>
    <subfield code="b">BC</subfield>
    <subfield code="c">PB_PS</subfield>
    <subfield code="d">2025-01-29</subfield>
    <subfield code="h">Vol.3  No. 10  1950</subfield>
    <subfield code="l">0</subfield>
    <subfield code="o">Revista</subfield>
    <subfield code="p">BC-H-00018082</subfield>
    <subfield code="r">2025-01-29 12:12:11</subfield>
    <subfield code="w">2025-01-29</subfield>
    <subfield code="y">ISSUE</subfield>
  </datafield>
  <datafield tag="952" ind1=" " ind2=" ">
    <subfield code="0">0</subfield>
    <subfield code="1">0</subfield>
    <subfield code="2">local</subfield>
    <subfield code="4">0</subfield>
    <subfield code="5">1</subfield>
    <subfield code="7">0</subfield>
    <subfield code="8">PS</subfield>
    <subfield code="a">BC</subfield>
    <subfield code="b">BC</subfield>
    <subfield code="c">PB_PS</subfield>
    <subfield code="d">2025-01-29</subfield>
    <subfield code="h">Vol.3  No. 11  1950-1951</subfield>
    <subfield code="l">0</subfield>
    <subfield code="o">Revista</subfield>
    <subfield code="p">BC-H-00018083</subfield>
    <subfield code="r">2025-01-29 12:12:11</subfield>
    <subfield code="w">2025-01-29</subfield>
    <subfield code="y">ISSUE</subfield>
  </datafield>
  <datafield tag="952" ind1=" " ind2=" ">
    <subfield code="0">0</subfield>
    <subfield code="1">0</subfield>
    <subfield code="2">local</subfield>
    <subfield code="4">0</subfield>
    <subfield code="5">1</subfield>
    <subfield code="7">0</subfield>
    <subfield code="8">PS</subfield>
    <subfield code="a">BC</subfield>
    <subfield code="b">BC</subfield>
    <subfield code="c">PB_PS</subfield>
    <subfield code="d">2025-01-29</subfield>
    <subfield code="h">Vol.3  No. 12  1950-1951</subfield>
    <subfield code="l">0</subfield>
    <subfield code="o">Revista</subfield>
    <subfield code="p">BC-H-00018084</subfield>
    <subfield code="r">2025-01-29 12:12:11</subfield>
    <subfield code="w">2025-01-29</subfield>
    <subfield code="y">ISSUE</subfield>
  </datafield>
  <datafield tag="952" ind1=" " ind2=" ">
    <subfield code="0">0</subfield>
    <subfield code="1">0</subfield>
    <subfield code="2">local</subfield>
    <subfield code="4">0</subfield>
    <subfield code="5">1</subfield>
    <subfield code="7">0</subfield>
    <subfield code="8">PS</subfield>
    <subfield code="a">BC</subfield>
    <subfield code="b">BC</subfield>
    <subfield code="c">PB_PS</subfield>
    <subfield code="d">2025-01-29</subfield>
    <subfield code="h">Vol.4  No. 13 Mayo 1951</subfield>
    <subfield code="l">0</subfield>
    <subfield code="o">Revista</subfield>
    <subfield code="p">BC-H-00018085</subfield>
    <subfield code="r">2025-01-29 12:12:11</subfield>
    <subfield code="w">2025-01-29</subfield>
    <subfield code="y">ISSUE</subfield>
  </datafield>
  <datafield tag="952" ind1=" " ind2=" ">
    <subfield code="0">0</subfield>
    <subfield code="1">0</subfield>
    <subfield code="2">local</subfield>
    <subfield code="4">0</subfield>
    <subfield code="5">1</subfield>
    <subfield code="7">0</subfield>
    <subfield code="8">PS</subfield>
    <subfield code="a">BC</subfield>
    <subfield code="b">BC</subfield>
    <subfield code="c">PB_PS</subfield>
    <subfield code="d">2025-01-29</subfield>
    <subfield code="h">Vol.4  No. 17 Enero 1952</subfield>
    <subfield code="l">0</subfield>
    <subfield code="o">Revista</subfield>
    <subfield code="p">BC-H-00018086</subfield>
    <subfield code="r">2025-01-29 12:12:11</subfield>
    <subfield code="w">2025-01-29</subfield>
    <subfield code="y">ISSUE</subfield>
  </datafield>
  <datafield tag="952" ind1=" " ind2=" ">
    <subfield code="0">0</subfield>
    <subfield code="1">0</subfield>
    <subfield code="2">local</subfield>
    <subfield code="4">0</subfield>
    <subfield code="5">1</subfield>
    <subfield code="7">0</subfield>
    <subfield code="8">PS</subfield>
    <subfield code="a">BC</subfield>
    <subfield code="b">BC</subfield>
    <subfield code="c">PB_PS</subfield>
    <subfield code="d">2025-01-29</subfield>
    <subfield code="h">Vol.4  No. 18 Marzo 1952</subfield>
    <subfield code="l">0</subfield>
    <subfield code="o">Revista</subfield>
    <subfield code="p">BC-H-00018087</subfield>
    <subfield code="r">2025-01-29 12:12:11</subfield>
    <subfield code="w">2025-01-29</subfield>
    <subfield code="y">ISSUE</subfield>
  </datafield>
  <datafield tag="952" ind1=" " ind2=" ">
    <subfield code="0">0</subfield>
    <subfield code="1">0</subfield>
    <subfield code="2">local</subfield>
    <subfield code="4">0</subfield>
    <subfield code="5">1</subfield>
    <subfield code="7">0</subfield>
    <subfield code="8">PS</subfield>
    <subfield code="a">BC</subfield>
    <subfield code="b">BC</subfield>
    <subfield code="c">PB_PS</subfield>
    <subfield code="d">2025-01-29</subfield>
    <subfield code="h">Vol.5  No. 22 Noviembre 1952</subfield>
    <subfield code="l">0</subfield>
    <subfield code="o">Revista</subfield>
    <subfield code="p">BC-H-00018088</subfield>
    <subfield code="r">2025-01-29 12:12:11</subfield>
    <subfield code="w">2025-01-29</subfield>
    <subfield code="y">ISSUE</subfield>
  </datafield>
  <datafield tag="952" ind1=" " ind2=" ">
    <subfield code="0">0</subfield>
    <subfield code="1">0</subfield>
    <subfield code="2">local</subfield>
    <subfield code="4">0</subfield>
    <subfield code="5">1</subfield>
    <subfield code="7">0</subfield>
    <subfield code="8">PS</subfield>
    <subfield code="a">BC</subfield>
    <subfield code="b">BC</subfield>
    <subfield code="c">PB_PS</subfield>
    <subfield code="d">2025-01-29</subfield>
    <subfield code="h">Vol.5  No. 23 Enero 1953</subfield>
    <subfield code="l">0</subfield>
    <subfield code="o">Revista</subfield>
    <subfield code="p">BC-H-00018089</subfield>
    <subfield code="r">2025-01-29 12:12:11</subfield>
    <subfield code="w">2025-01-29</subfield>
    <subfield code="y">ISSUE</subfield>
  </datafield>
  <datafield tag="952" ind1=" " ind2=" ">
    <subfield code="0">0</subfield>
    <subfield code="1">0</subfield>
    <subfield code="2">local</subfield>
    <subfield code="4">0</subfield>
    <subfield code="5">1</subfield>
    <subfield code="7">0</subfield>
    <subfield code="8">PS</subfield>
    <subfield code="a">BC</subfield>
    <subfield code="b">BC</subfield>
    <subfield code="c">PB_PS</subfield>
    <subfield code="d">2025-01-29</subfield>
    <subfield code="h">Vol.6  No. 27 Sep - Oct 1953</subfield>
    <subfield code="l">0</subfield>
    <subfield code="o">Revista</subfield>
    <subfield code="p">BC-H-00018090</subfield>
    <subfield code="r">2025-01-29 12:12:11</subfield>
    <subfield code="w">2025-01-29</subfield>
    <subfield code="y">ISSUE</subfield>
  </datafield>
  <datafield tag="952" ind1=" " ind2=" ">
    <subfield code="0">0</subfield>
    <subfield code="1">0</subfield>
    <subfield code="2">local</subfield>
    <subfield code="4">0</subfield>
    <subfield code="5">1</subfield>
    <subfield code="7">0</subfield>
    <subfield code="8">PS</subfield>
    <subfield code="a">BC</subfield>
    <subfield code="b">BC</subfield>
    <subfield code="c">PB_PS</subfield>
    <subfield code="d">2025-01-29</subfield>
    <subfield code="h">Vol.6  No. 28 Nov-Dic 1953</subfield>
    <subfield code="l">0</subfield>
    <subfield code="o">Revista</subfield>
    <subfield code="p">BC-H-00018091</subfield>
    <subfield code="r">2025-01-29 12:12:11</subfield>
    <subfield code="w">2025-01-29</subfield>
    <subfield code="y">ISSUE</subfield>
  </datafield>
  <datafield tag="952" ind1=" " ind2=" ">
    <subfield code="0">0</subfield>
    <subfield code="1">0</subfield>
    <subfield code="2">local</subfield>
    <subfield code="4">0</subfield>
    <subfield code="5">1</subfield>
    <subfield code="7">0</subfield>
    <subfield code="8">PS</subfield>
    <subfield code="a">BC</subfield>
    <subfield code="b">BC</subfield>
    <subfield code="c">PB_PS</subfield>
    <subfield code="d">2025-01-29</subfield>
    <subfield code="h">Vol.7  No. 36 Marzo 1955</subfield>
    <subfield code="l">0</subfield>
    <subfield code="o">Revista</subfield>
    <subfield code="p">BC-H-00018092</subfield>
    <subfield code="r">2025-01-29 12:12:11</subfield>
    <subfield code="w">2025-01-29</subfield>
    <subfield code="y">ISSUE</subfield>
  </datafield>
</record>
